000
00300nam a22001337a 4500
008
170608b xxu||||| |||| 00| 0 eng d
020
_a
2900205585952
041
_a
eng
080
_2
8TH
_a
94
100
_a
18
101
_a
SHH
245
_a
INTERNATIONAL RELATIONS
_c
GOLDSTEIN,J.S
942
_2
udc
_c
BK
999
_c
16463
_d
16463